000 00785nab a2200241 u 4500
001 17315
003 HDC
007 cr bn ---aaaaa
008 210223c20110316xx dr|noo 0 a eng d
040 _aHDC
245 0 _aMalaysia: Over 500 Foreign Buyers Expected At Mihas 2011
260 _a[No place] :
_b[publisher not identified],
_c2011
336 _atext
_2rdacontent
337 _acomputer
_2rdamedia
338 _aonline resource
_2rdacarrier
650 _ahalal industry
_9144
650 _aMihas 2011
_916588
710 _aHalal Focus
856 _zRequest full-text at [email protected]
942 _2lcc
942 _cNEWS
942 _kNWSO 005897
999 _c14631
_d14631